[Event "SR 4. liga A21 2014/2015"]
[Site "?"]
[Date "2015.01.04"]
[Round "6.5"]
[White "Krchnak, Rudolf"]
[Black "Huska, Branislav"]
[Result "1-0"]
[WhiteElo "1796"]
[BlackElo "1689"]
[PlyCount "39"]
[EventDate "2014.??.??"]

1. d4 Nf6 2. Nc3 d5 3. Bg5 e6 4. e4 h6 5. Bh4 g5 6. Bg3 Nxe4 7. Nxe4 dxe4 8. c3
Bd7 9. Qc2 Bc6 10. O-O-O Bd6 11. Ne2 Nd7 12. Bxd6 cxd6 13. Ng3 f5 14. Bc4 Qe7
15. d5 Ne5 16. dxc6 Nxc4 17. cxb7 Rb8 18. Qa4+ Kf7 19. Qxc4 Rxb7 20. Nxf5 1-0

[Event "SR 4. liga A21 2014/2015"]
[Site "?"]
[Date "2015.01.04"]
[Round "6.5"]
[White "Bendzela, Tibor"]
[Black "Bjel, Lubos"]
[Result "1/2-1/2"]
[WhiteElo "1515"]
[BlackElo "1760"]
[PlyCount "81"]
[EventDate "2014.??.??"]

1. e4 e6 2. d4 d5 3. exd5 exd5 4. c4 c6 5. Nc3 Bb4 6. Bd2 Nf6 7. Qa4 Bxc3 8.
Bxc3 O-O 9. O-O-O Ne4 10. Be1 Re8 11. f3 Qg5+ 12. Kb1 Nd6 13. Bd2 Qg6+ 14. Ka1
Nxc4 15. Bxc4 dxc4 16. g4 b5 17. Qa5 Qd3 18. Nh3 Qxf3 19. Ng5 Qd5 20. Rde1
Rxe1+ 21. Rxe1 Be6 22. Nxe6 fxe6 23. Qc7 Nd7 24. Rf1 Rf8 25. Re1 h6 26. g5 hxg5
27. Bxg5 Qxg5 28. Qxd7 Qd5 29. Qe7 a5 30. h4 b4 31. h5 Qxd4 32. Qxe6+ Kh7 33.
Qg6+ Kh8 34. h6 c3 35. hxg7+ Qxg7 36. Rh1+ Kg8 37. Qe6+ Rf7 38. Qe8+ Qf8 39.
Rg1+ Kh8 40. Rh1+ Kg7 41. Rg1+ 1/2-1/2

[Event "SR 4. liga A21 2014/2015"]
[Site "?"]
[Date "2015.01.04"]
[Round "6.6"]
[White "Diviak, Rudolf"]
[Black "Jarabek, Milan"]
[Result "1-0"]
[WhiteElo "1836"]
[BlackElo "1690"]
[PlyCount "55"]
[EventDate "2014.??.??"]

1. e4 c5 2. Bc4 e6 3. Qe2 a6 4. c3 b5 5. Bb3 Bb7 6. Nf3 Nf6 7. d3 Be7 8. Bc2
O-O 9. O-O d6 10. Bg5 Nbd7 11. Nbd2 b4 12. Rfe1 bxc3 13. bxc3 Qa5 14. Reb1 Qxc3
15. Nb3 c4 16. dxc4 Rab8 17. Bd3 Qb4 18. Rb2 Nc5 19. Rab1 Na4 20. Bd2 Qb6 21.
Ba5 Qa7 22. Rc2 Nc5 23. Nxc5 Qxc5 24. Bb6 Qc8 25. Rcb2 Nd7 26. Ba7 Nc5 27. Bxb8
Qxb8 28. e5 1-0

[Event "SR 4. liga A21 2014/2015"]
[Site "?"]
[Date "2015.01.04"]
[Round "6.6"]
[White "Zlamal, Marek"]
[Black "Buran, Andrej"]
[Result "1-0"]
[WhiteElo "1671"]
[BlackElo "1586"]
[PlyCount "53"]
[EventDate "2014.??.??"]

1. d4 d5 2. Nc3 Nf6 3. Nf3 e6 4. a3 c5 5. Bg5 Nbd7 6. e4 dxe4 7. Nxe4 cxd4 8.
Qxd4 Be7 9. Nd6+ Bxd6 10. Qxd6 Qa5+ 11. Bd2 Qd5 12. Qxd5 Nxd5 13. c4 N5f6 14.
Bd3 O-O 15. O-O Nc5 16. Bc2 Nce4 17. Bb4 Re8 18. a4 a5 19. Ba3 b6 20. Rad1 Bb7
21. Nd4 Rac8 22. f3 Nc5 23. Nb5 Red8 24. Nd6 Rb8 25. Bxc5 bxc5 26. Nxb7 Rf8 27.
Nxa5 1-0

[Event "SR 4. liga A21 2014/2015"]
[Site "?"]
[Date "2015.01.04"]
[Round "6.6"]
[White "Ulehla, Jakub"]
[Black "Antalek, Rudolf"]
[Result "1/2-1/2"]
[WhiteElo "1479"]
[BlackElo "1532"]
[PlyCount "44"]
[EventDate "2014.??.??"]

1. e4 c5 2. Nf3 d6 3. d4 cxd4 4. Nxd4 Nf6 5. Nc3 a6 6. Bd3 Nc6 7. Nb3 e6 8. O-O
Be7 9. Re1 O-O 10. Bf4 b5 11. f3 Bb7 12. Bg3 Nb4 13. Bf1 Nh5 14. Bf2 Bh4 15.
Bxh4 Qxh4 16. a3 Nc6 17. Qxd6 Rad8 18. Qc5 f5 19. Qf2 Qg5 20. Rad1 Ne5 21. Nc5
Bc8 22. Rxd8 Rxd8 1/2-1/2

[Event "SR 4. liga A21 2014/2015"]
[Site "?"]
[Date "2015.01.04"]
[Round "6.6"]
[White "Drabek, Martin"]
[Black "Trojkova, Michaela"]
[Result "1/2-1/2"]
[WhiteElo "1456"]
[BlackElo "1461"]
[PlyCount "117"]
[EventDate "2014.??.??"]

1. e4 c5 2. Nf3 Nc6 3. Bc4 g6 4. Nc3 Bg7 5. Ng5 e6 6. d3 Nf6 7. a3 d5 8. exd5
exd5 9. Qe2+ Ne7 10. Bb5+ Bd7 11. Bxd7+ Qxd7 12. O-O O-O 13. h3 Rfe8 14. Qf3
Nf5 15. Ne2 Nh4 16. Qf4 Nxg2 17. Kxg2 Rxe2 18. c4 Rae8 19. Nf3 Nh5 20. Qg4
Qxg4+ 21. hxg4 Nf6 22. g5 Nh5 23. Rb1 dxc4 24. dxc4 Rc2 25. b3 Ree2 26. Ng1 Re4
27. Kf3 f5 28. Be3 Rc3 29. Ne2 Rc2 30. Rfd1 b6 31. Rd8+ Kf7 32. Rbd1 Bf8 33.
R1d7+ Re7 34. Nf4 Nxf4 35. Bxf4 Rc3+ 36. Kg2 Rxb3 37. Rxf8+ Kxf8 38. Bd6 Rxa3
39. Rxe7 Kg8 40. Bb8 a6 41. Ba7 Rc3 42. Bxb6 Rxc4 43. f3 Rc2+ 44. Kg3 c4 45.
Rc7 Rc1 46. Bd4 a5 47. Rc5 a4 48. Ra5 c3 49. Rxa4 c2 50. Rc4 Kf7 51. Bb2 Rg1+
52. Kf4 Rg2 53. Bc1 Ke6 54. Ke3 Rxg5 55. Kf2 Rh5 56. Kg2 Kd5 57. Rxc2 Rh4 58.
Rd2+ Kc4 59. Ra2 1/2-1/2

[Event "SR 4. liga A21 2014/2015"]
[Site "?"]
[Date "2015.01.04"]
[Round "6.6"]
[White "Hrdlicka, Martin"]
[Black "Spanik, Ondrej"]
[Result "1-0"]
[WhiteElo "1232"]
[BlackElo "1228"]
[PlyCount "65"]
[EventDate "2014.??.??"]

1. e4 e5 2. Nf3 Nc6 3. Bb5 d6 4. O-O Bd7 5. c3 a6 6. Ba4 Nf6 7. d3 h6 8. Re1 b5
9. Bb3 Be6 10. Bc2 Be7 11. Nbd2 O-O 12. Nf1 Qd7 13. Ng3 Bg4 14. Be3 Bxf3 15.
Qxf3 Qg4 16. Qxg4 Nxg4 17. Rad1 Bh4 18. Nf5 Nxe3 19. Nxe3 Ne7 20. Bb3 Bg5 21.
Bd5 Rab8 22. Bb3 Bxe3 23. fxe3 Kh7 24. Rf1 f5 25. exf5 Nxf5 26. Rde1 Ne7 27. d4
e4 28. d5 c5 29. Bc2 Nxd5 30. Bxe4+ g6 31. Bxd5 Rxf1+ 32. Rxf1 Re8 33. e4 1-0

[Event "SR 4. liga A21 2014/2015"]
[Site "?"]
[Date "2015.01.18"]
[Round "7.1"]
[White "Jarabek, Milan"]
[Black "Nemeckay, Rastislav"]
[Result "1/2-1/2"]
[WhiteElo "1690"]
[BlackElo "1985"]
[PlyCount "66"]
[EventDate "2014.??.??"]

1. e4 e5 2. Nf3 Nc6 3. Bb5 a6 4. Ba4 Nf6 5. O-O b5 6. Bb3 Be7 7. Re1 O-O 8. a4
b4 9. c3 bxc3 10. bxc3 d6 11. d4 Bg4 12. Qd3 Bxf3 13. gxf3 Na5 14. Ba2 Nh5 15.
f4 Nxf4 16. Bxf4 exf4 17. Nd2 c6 18. Kh1 g6 19. Rg1 c5 20. Rg4 Nc6 21. Bd5 Qc8
22. Rag1 Kg7 23. Qf3 cxd4 24. cxd4 Ra7 25. Rxf4 Nd8 26. Nf1 Ne6 27. Bxe6 fxe6
28. Rxf8 Qxf8 29. Qb3 Qxf2 30. d5 e5 31. Ng3 Kh6 32. Rf1 Qd4 33. Qb8 Kg7
1/2-1/2

[Event "SR 4. liga A21 2014/2015"]
[Site "?"]
[Date "2015.01.18"]
[Round "7.1"]
[White "Celustkova, Lubica"]
[Black "Harastova, Viera"]
[Result "1/2-1/2"]
[WhiteElo "1614"]
[BlackElo "1876"]
[PlyCount "44"]
[EventDate "2014.??.??"]

1. e4 e5 2. Nf3 Nc6 3. Bb5 a6 4. Ba4 Nf6 5. O-O d6 6. Re1 Be7 7. c3 O-O 8. h3
Bd7 9. d3 b5 10. Bc2 h6 11. Nbd2 Nh7 12. d4 Ng5 13. Nxg5 Bxg5 14. Nf3 Bxc1 15.
Rxc1 Qf6 16. Qd3 Kh8 17. dxe5 Nxe5 18. Nxe5 Qxe5 19. Qd4 Qg5 20. Qd3 Qe5 21.
Qd4 Qg5 22. Qd3 Qe5 1/2-1/2

[Event "SR 4. liga A21 2014/2015"]
[Site "?"]
[Date "2015.01.18"]
[Round "7.1"]
[White "Zlamal, Marek"]
[Black "Klimes, Karel"]
[Result "1-0"]
[WhiteElo "1671"]
[BlackElo "1688"]
[PlyCount "107"]
[EventDate "2014.??.??"]

1. d4 d5 2. Nc3 Nf6 3. Bf4 Bd7 4. f3 e6 5. e4 dxe4 6. fxe4 Bb4 7. Bd3 Bc6 8. a3
Ba5 9. b4 Qxd4 10. Nge2 Qb6 11. bxa5 Qxa5 12. O-O Nbd7 13. Rb1 e5 14. Bd2 Qxa3
15. Nb5 Qc5+ 16. Kh1 Bxe4 17. Bb4 Qc6 18. Bxe4 Nxe4 19. Qd3 Ndc5 20. Qf3 O-O
21. Bxc5 Nxc5 22. Qxc6 bxc6 23. Nbc3 Rab8 24. Rxb8 Rxb8 25. Rb1 Rb6 26. Ra1 a6
27. Kg1 Rb2 28. Ra5 Ne6 29. Rxa6 f5 30. Ng3 Rxc2 31. Rxc6 Kf7 32. Nxf5 Rc1+ 33.
Kf2 Rc2+ 34. Kg3 g6 35. Ne3 Rd2 36. Nc4 Rd3+ 37. Kf2 Kf6 38. Ne4+ Kf5 39. Ncd2
h5 40. h3 h4 41. Ra6 g5 42. Kf1 c5 43. Rxe6 Rxd2 44. Rxe5+ Kxe5 45. Nxd2 Kf4
46. Kf2 g4 47. Nc4 gxh3 48. gxh3 Ke4 49. Nd2+ Kf4 50. Nf3 c4 51. Nxh4 c3 52.
Ng2+ Kg5 53. Ke2 Kf5 54. Kd3 1-0

[Event "SR 4. liga A21 2014/2015"]
[Site "?"]
[Date "2015.01.18"]
[Round "7.1"]
[White "Wallner, Juraj"]
[Black "Spanik, Ondrej"]
[Result "1-0"]
[WhiteElo "1606"]
[BlackElo "1228"]
[PlyCount "57"]
[EventDate "2014.??.??"]

1. e4 e5 2. Nf3 Nc6 3. d4 d6 4. dxe5 dxe5 5. Qxd8+ Kxd8 6. Bb5 Nge7 7. Be3 Be6
8. Ng5 h6 9. Nxe6+ fxe6 10. Nc3 a6 11. Bc4 Nd4 12. O-O-O Nec6 13. Bxe6 Bd6 14.
Bd5 Rf8 15. f3 Ke7 16. Bxc6 Nxc6 17. Nd5+ Ke6 18. Rhf1 Rf7 19. c4 Rd8 20. c5
Bf8 21. f4 exf4 22. Nxf4+ Ke7 23. Nd5+ Ke8 24. Rxf7 Kxf7 25. Nxc7 Rxd1+ 26.
Kxd1 Kf6 27. Kd2 Ne5 28. Bd4 Be7 29. Nd5+ 1-0

[Event "SR 4. liga A21 2014/2015"]
[Site "?"]
[Date "2015.01.18"]
[Round "7.1"]
[White "Krakovsky, Matej"]
[Black "Tomasovic, Roman"]
[Result "0-1"]
[WhiteElo "1078"]
[BlackElo "1363"]
[PlyCount "52"]
[EventDate "2014.??.??"]

1. e4 e5 2. Nf3 Nc6 3. Nc3 Nf6 4. Bc4 Bc5 5. O-O O-O 6. d3 h6 7. b3 a6 8. Na4
Ba7 9. Be3 b5 10. Bd5 bxa4 11. Bxc6 dxc6 12. Nxe5 Qd6 13. Bf4 Qe6 14. bxa4 Bd4
15. Rb1 Bxe5 16. Bxe5 Qxe5 17. c4 Be6 18. f3 Rab8 19. Rc1 Qd4+ 20. Kh1 Rb2 21.
Ra1 Rfb8 22. Re1 Qf2 23. Rg1 Nh5 24. Qf1 Ng3+ 25. hxg3 Qxg3 26. a3 Qh4# 0-1

[Event "SR 4. liga A21 2014/2015"]
[Site "?"]
[Date "2015.01.18"]
[Round "7.2"]
[White "Lajda, Dusan"]
[Black "Diviak, Rastislav"]
[Result "1/2-1/2"]
[WhiteElo "1853"]
[BlackElo "2001"]
[PlyCount "50"]
[EventDate "2014.??.??"]

1. e4 c5 2. Nf3 a6 3. d4 cxd4 4. Nxd4 Nf6 5. Nc3 e5 6. Nb3 Bb4 7. Bd3 d5 8.
exd5 Nxd5 9. Bd2 Nxc3 10. bxc3 Be7 11. O-O O-O 12. Re1 Nc6 13. Rb1 Be6 14. Be3
b5 15. Qe2 Qc7 16. f3 Rac8 17. Qf2 Nd8 18. Bb6 Qxc3 19. Ba5 Bc5 20. Bxc3 Bxf2+
21. Kxf2 Rxc3 22. Rxe5 Nc6 23. Rc5 Rxc5 24. Nxc5 Bxa2 25. Rb2 Bc4 1/2-1/2

[Event "SR 4. liga A21 2014/2015"]
[Site "?"]
[Date "2015.01.18"]
[Round "7.2"]
[White "Ocko, Martin"]
[Black "Bjel, Jan"]
[Result "0-1"]
[WhiteElo "1857"]
[BlackElo "1823"]
[PlyCount "128"]
[EventDate "2014.??.??"]

1. e4 e5 2. Nf3 Nc6 3. Bb5 a6 4. Ba4 Bc5 5. O-O Nge7 6. c3 b5 7. Bb3 O-O 8. d4
exd4 9. cxd4 Bb6 10. Bg5 Kh8 11. Nc3 f6 12. Be3 Na5 13. e5 fxe5 14. Nxe5 Nxb3
15. Qxb3 Qe8 16. Nd5 Nxd5 17. Qxd5 c6 18. Qd6 Rf6 19. Qb4 d6 20. Bg5 dxe5 21.
Bxf6 gxf6 22. dxe5 fxe5 23. Qd6 Bd4 24. Qf6+ Kg8 25. Qg5+ Qg6 26. Qd8+ Kg7 27.
Qe7+ Qf7 28. Qg5+ Kf8 29. Qd8+ Qe8 30. Qf6+ Kg8 31. Qg5+ Kf7 32. Qh5+ Ke7 33.
Qxh7+ Qf7 34. Qh4+ Qf6 35. Qh7+ Kd6 36. Rac1 Bd7 37. b4 Rh8 38. Qe4 Qh6 39. h3
Rg8 40. Kh2 Rf8 41. Qd3 Qf4+ 42. g3 Qf3 43. Qxf3 Rxf3 44. Kg2 Ra3 45. Rc2 Be6
46. Kh2 Bc4 47. Rd1 Bxa2 48. f4 Bd5 49. f5 Bb3 50. Rd3 Bxc2 51. Rxa3 Bxf5 52.
g4 Bc8 53. Kg3 c5 54. bxc5+ Kxc5 55. g5 b4 56. Rf3 Be6 57. h4 b3 58. Rf1 b2 59.
g6 e4 60. Kf4 Ba2 61. h5 b1=Q 62. Rxb1 Bxb1 63. h6 e3 64. g7 Bh7 0-1

[Event "SR 4. liga A21 2014/2015"]
[Site "?"]
[Date "2015.01.18"]
[Round "7.2"]
[White "Krchnak, Rudolf"]
[Black "Diviak, Rudolf"]
[Result "1/2-1/2"]
[WhiteElo "1796"]
[BlackElo "1836"]
[PlyCount "100"]
[EventDate "2014.??.??"]

1. d4 d5 2. Nc3 c6 3. Bg5 h6 4. Bh4 Bf5 5. e3 Qb6 6. Na4 Qa5+ 7. c3 e6 8. Qb3
b6 9. Nf3 Nd7 10. Be2 b5 11. Nc5 Nxc5 12. dxc5 Bxc5 13. Ne5 Qb6 14. Kd2 Nf6 15.
Bd3 Ne4+ 16. Bxe4 dxe4 17. h3 f6 18. g4 Qd8+ 19. Ke1 Qd5 20. Qxd5 cxd5 21. gxf5
fxe5 22. fxe6 d4 23. cxd4 exd4 24. Rc1 Bb4+ 25. Ke2 d3+ 26. Kd1 O-O 27. a3 d2
28. Rc2 Ba5 29. b4 Bd8 30. e7 Bxe7 31. Bxe7 Rxf2 32. Rxd2 Rf3 33. Bc5 a5 34. h4
axb4 35. Bxb4 Rc8 36. Ke2 Rc7 37. Rd4 Rc2+ 38. Bd2 Rg3 39. Rh2 Rg4 40. Rb4 Rg1
41. Rxb5 Ra1 42. Rb4 Rxd2+ 43. Kxd2 Ra2+ 44. Kc1 Rxh2 45. Rxe4 Kf7 46. a4 Kf6
47. Kb1 Kf5 48. Rf4+ Ke5 49. a5 g5 50. Ra4 Rf2 1/2-1/2

[Event "SR 4. liga A21 2014/2015"]
[Site "?"]
[Date "2015.01.18"]
[Round "7.2"]
[White "Ulehla, Jakub"]
[Black "Kosiarcik, Maximilian"]
[Result "0-1"]
[WhiteElo "1479"]
[BlackElo "1437"]
[PlyCount "62"]
[EventDate "2014.??.??"]

1. e4 c6 2. d4 d5 3. Nc3 dxe4 4. Nxe4 Bf5 5. Ng3 Bg6 6. Nf3 Nd7 7. Bd3 Ngf6 8.
O-O e6 9. c3 Be7 10. Re1 Bxd3 11. Qxd3 O-O 12. Bd2 c5 13. Be3 Rc8 14. Rad1 Qc7
15. Bg5 Rfd8 16. Qb1 b5 17. Ne4 h6 18. Bh4 b4 19. dxc5 bxc3 20. Nxc3 Nxc5 21.
Bg3 Qb7 22. Nd4 Nd5 23. Ndb5 Nxc3 24. Nxc3 Bf6 25. Rxd8+ Rxd8 26. Rd1 Rxd1+ 27.
Nxd1 Qb4 28. f3 $11 Qd2 29. b3 Nd3 30. Kf1 Nc1 31. Nf2 Qe2+ 0-1

[Event "SR 4. liga A21 2014/2015"]
[Site "?"]
[Date "2015.01.18"]
[Round "7.2"]
[White "Varga, Adam"]
[Black "Trojkova, Michaela"]
[Result "1/2-1/2"]
[WhiteElo "1316"]
[BlackElo "1461"]
[PlyCount "52"]
[EventDate "2014.??.??"]

1. e4 c5 2. Nf3 Nc6 3. Nc3 g6 4. Bc4 Bg7 5. O-O Nf6 6. d3 O-O 7. Be3 d6 8. a3
a6 9. Rb1 Ng4 10. Qd2 Nxe3 11. fxe3 e6 12. Ne2 b5 13. Ba2 Bb7 14. c4 Qe7 15. d4
Rfd8 16. d5 exd5 17. exd5 Ne5 18. Nxe5 Qxe5 19. Ng3 Re8 20. e4 Qe7 21. b3 Be5
22. Rbe1 Qh4 23. Qd3 Bd4+ 24. Kh1 bxc4 25. bxc4 Be5 26. Rf3 Re7 1/2-1/2

[Event "SR 4. liga A21 2014/2015"]
[Site "?"]
[Date "2015.01.18"]
[Round "7.3"]
[White "Brunovsky, Peter"]
[Black "Lanik, Miroslav"]
[Result "1-0"]
[WhiteElo "1869"]
[BlackElo "1895"]
[PlyCount "119"]
[EventDate "2014.??.??"]

1. d4 d5 2. Nf3 Nf6 3. Bf4 e6 4. e3 c6 5. c3 Bd6 6. Nbd2 Qc7 7. Ne5 Nbd7 8.
Ndf3 b6 9. Be2 O-O 10. O-O Bb7 11. Rc1 Rac8 12. Kh1 Ne4 13. Nxd7 Qxd7 14. Ne5
Qe7 15. f3 Nf6 16. g4 Nd7 17. Nxd7 Qxd7 18. Bxd6 Qxd6 19. f4 c5 20. g5 f5 21.
Qe1 g6 22. Qh4 Rc7 23. Rf3 Rg7 24. Qh6 Rff7 25. Rcf1 Rc7 26. Rh3 Qf8 27. Rff3
Rgf7 28. Qxf8+ Kxf8 29. Rh6 Ke7 30. h4 Kd6 31. Rh3 Rg7 32. h5 c4 33. hxg6 hxg6
34. Kg2 b5 35. Rh8 a6 36. Rf8 Rcf7 37. Rhh8 Rxf8 38. Rxf8 Ke7 39. Rb8 Kd6 40.
Bd1 Kc7 41. Rh8 Bc8 42. Kg3 a5 43. Bf3 b4 44. Bd1 Kd7 45. Ba4+ Kc7 46. Be8 Bd7
47. Bxd7 Rxd7 48. Rg8 a4 49. a3 bxc3 50. bxc3 Kd6 51. Rxg6 Rb7 52. Rh6 Rb3 53.
Rh7 Rxc3 54. g6 Rc1 55. Rh2 Rg1+ 56. Kf3 Rxg6 57. Rb2 Rg7 58. Rb6+ Kc7 59. Ra6
c3 60. Ra7+ 1-0

[Event "SR 4. liga A21 2014/2015"]
[Site "?"]
[Date "2015.01.18"]
[Round "7.3"]
[White "Kubik, Peter"]
[Black "Zajicek, Ferdinand"]
[Result "1-0"]
[WhiteElo "1854"]
[BlackElo "1836"]
[PlyCount "100"]
[EventDate "2014.??.??"]

1. e4 c5 2. d4 cxd4 3. c3 dxc3 4. Nxc3 Nc6 5. Nf3 d6 6. Bc4 Be6 7. Bxe6 fxe6 8.
Qb3 Qc8 9. Be3 h6 10. Rc1 Nf6 11. O-O g5 12. Nd4 Nxd4 13. Bxd4 Bg7 14. Nb5 Qd7
15. Nc7+ Kf7 16. Nxa8 Rxa8 17. Bxf6 Bxf6 18. Rc2 Rc8 19. Rfc1 Rxc2 20. Qxc2 b6
21. b4 Qb5 22. Qc4 Qxc4 23. Rxc4 d5 24. exd5 exd5 25. Rc7 a5 26. bxa5 bxa5 27.
Rc5 a4 28. Rxd5 a3 29. Kf1 Bb2 30. Ke2 Ke6 31. Ra5 Kf6 32. Kd3 e6 33. Ke4 h5
34. h3 Bc1 35. h4 gxh4 36. Rxh5 Bg5 37. Rxg5 Kxg5 38. Ke5 Kg4 39. Kxe6 Kf4 40.
Kd5 Kf5 41. Kc4 Ke4 42. Kc3 Kd5 43. Kb3 Kd4 44. Kxa3 Kd3 45. Kb4 Ke2 46. f4 Kf2
47. f5 Kxg2 48. f6 h3 49. f7 h2 50. f8=Q h1=Q 1-0

[Event "SR 4. liga A21 2014/2015"]
[Site "?"]
[Date "2015.01.18"]
[Round "7.3"]
[White "Kanka, Tomas"]
[Black "Tokos, Rastislav"]
[Result "0-1"]
[WhiteElo "1723"]
[BlackElo "1827"]
[PlyCount "77"]
[EventDate "2014.??.??"]

1. e4 c5 2. Nf3 Nc6 3. d4 cxd4 4. Nxd4 d6 5. Nc3 Nf6 6. Be2 g6 7. O-O Bg7 8.
Nxc6 bxc6 9. e5 dxe5 10. Qxd8+ Kxd8 11. Bf3 Kc7 12. Nb5+ Kb6 13. Be3+ Kb7 14.
Nc3 Bg4 15. Bxg4 Nxg4 16. Bd2 f5 17. Na4 e4 18. Rfd1 Bd4 19. Ba5 Bxf2+ 20. Kf1
Bb6 21. Nc5+ Bxc5 22. Rd7+ Ka6 23. Bc7 Ne3+ 24. Ke2 Nd5 25. Be5 Rhd8 26. Rxd8
Rxd8 27. c3 Bd6 28. Bd4 e5 29. Bf2 g5 30. g3 Bc7 31. c4 Nb4 32. Bg1 Bb6 33. c5
Ba5 34. a3 Nc2 35. Rc1 Rd2+ 36. Kf1 e3 37. b4 e2+ 38. Kg2 e1=Q+ 39. Kh1 0-1

[Event "SR 4. liga A21 2014/2015"]
[Site "?"]
[Date "2015.01.18"]
[Round "7.3"]
[White "Bendzela, Tibor"]
[Black "Kastler, Peter"]
[Result "0-1"]
[WhiteElo "1515"]
[BlackElo "1757"]
[PlyCount "90"]
[EventDate "2014.??.??"]

1. e4 e6 2. d4 d5 3. exd5 exd5 4. c4 Nf6 5. Nc3 Be7 6. Bg5 c6 7. Qa4 O-O 8.
O-O-O Bf5 9. f3 Nbd7 10. h4 dxc4 11. Qxc4 Nb6 12. Qb3 Qc7 13. Bd3 Bxd3 14. Rxd3
Nbd5 15. Nge2 Rfe8 16. Kb1 Qb6 17. Ne4 Rad8 18. Qc4 Qb5 19. Qxb5 cxb5 20. Rc1
Rc8 21. Rxc8 Rxc8 22. Nxf6+ Bxf6 23. Bxf6 gxf6 24. g3 b4 25. Nf4 Nxf4 26. gxf4
Kf8 27. f5 Ke7 28. Re3+ Kd6 29. Re4 h5 30. b3 Rc3 31. Rf4 Kd5 32. Kb2 Rd3 33.
Kc2 Rxd4 34. Rxd4+ Kxd4 35. Kd2 a5 36. Kc2 Ke3 37. f4 Kxf4 38. Kd3 Kxf5 39. Kc4
Ke5 40. Kb5 Kd5 41. Kxa5 Kc5 42. Ka4 f5 43. a3 b5+ 44. Ka5 bxa3 45. b4+ Kc4 0-1

[Event "SR 4. liga A21 2014/2015"]
[Site "?"]
[Date "2015.01.18"]
[Round "7.3"]
[White "Papanek, Lubomir"]
[Black "Dest, Stanislav"]
[Result "1-0"]
[WhiteElo "1616"]
[BlackElo "1429"]
[PlyCount "93"]
[EventDate "2014.??.??"]

1. d4 d5 2. c4 e6 3. Nf3 Nf6 4. e3 Be7 5. Bd3 O-O 6. O-O b6 7. Nc3 Bb7 8. Re1
Nbd7 9. e4 dxe4 10. Nxe4 Nxe4 11. Bxe4 Bxe4 12. Rxe4 Nf6 13. Re1 c5 14. h3 Qc7
15. Be3 Rad8 16. Qc2 h6 17. Rad1 Rfe8 18. Rd2 Rd7 19. Red1 Red8 20. Ne5 Rxd4
21. Bxd4 cxd4 22. Nf3 e5 23. Qf5 Nd7 24. Re2 Bd6 25. b3 f6 26. Nd2 Nf8 27. Re4
Qf7 28. g4 Ng6 29. Qh5 Bc5 30. Nf1 d3 31. Ne3 Nf4 32. Qxf7+ Kxf7 33. Rxf4 exf4
34. Nd5 g5 35. Rxd3 Re8 36. Kf1 Kg6 37. Rd2 f5 38. Re2 Re4 39. f3 Rxe2 40. Kxe2
fxg4 41. fxg4 h5 42. Kf3 hxg4+ 43. hxg4 a5 44. Ke4 Bd6 45. Nxb6 Kf6 46. c5 Bf8
47. Nd7+ 1-0

[Event "SR 4. liga A21 2014/2015"]
[Site "?"]
[Date "2015.01.18"]
[Round "7.4"]
[White "Curidlo, Jan"]
[Black "Bango, Lukas"]
[Result "0-1"]
[WhiteElo "1889"]
[BlackElo "1917"]
[PlyCount "62"]
[EventDate "2014.??.??"]

1. e4 c5 2. Nf3 d6 3. c3 Nf6 4. Bc4 Nc6 5. O-O Bg4 6. h3 Bh5 7. Re1 e6 8. d3
Be7 9. Be3 O-O 10. g4 Bg6 11. Qe2 Re8 12. Nbd2 a6 13. a3 h6 14. Nh2 d5 15. exd5
exd5 16. Bb3 Bd6 17. Qf1 d4 18. Nhf3 dxe3 19. fxe3 Bxd3 20. Qg2 b5 21. Nh4 Qb6
22. Bd5 Nxd5 23. Qxd5 Rad8 24. Qg2 c4 25. Qf2 Bc5 26. Ng2 Ne5 27. Nf3 Nxf3+ 28.
Qxf3 Be4 29. Qe2 Bxg2 30. Qxg2 Rxe3 31. Kh1 Qe6 0-1

[Event "SR 4. liga A21 2014/2015"]
[Site "?"]
[Date "2015.01.18"]
[Round "7.4"]
[White "Lopatievov, Alexander"]
[Black "Slaby, Jozef"]
[Result "1-0"]
[WhiteElo "1926"]
[BlackElo "1879"]
[PlyCount "71"]
[EventDate "2014.??.??"]

1. b4 d5 2. Bb2 Nf6 3. e3 Bf5 4. Nf3 c6 5. Be2 h6 6. O-O Nbd7 7. d3 e6 8. a3
Be7 9. Nbd2 O-O 10. c4 dxc4 11. Nxc4 c5 12. b5 a6 13. a4 axb5 14. axb5 Rxa1 15.
Qxa1 Qa8 16. h3 b6 17. e4 Bh7 18. Nfe5 Qb7 19. Nc6 Re8 20. Qa4 Bf8 21. Ra1 Nb8
22. Nxb8 Rxb8 23. Be5 Rd8 24. Qa7 Qxa7 25. Rxa7 Nd7 26. Bc7 Rc8 27. Bxb6 Nf6
28. Bc7 Ne8 29. b6 Nxc7 30. bxc7 f5 31. Nb6 Rxc7 32. Rxc7 fxe4 33. dxe4 Bxe4
34. Nd7 Bd6 35. Rc8+ Kf7 36. Nxc5 1-0

[Event "SR 4. liga A21 2014/2015"]
[Site "?"]
[Date "2015.01.18"]
[Round "7.4"]
[White "Orvisky, Vladimir"]
[Black "Mackovic, Miroslav"]
[Result "1-0"]
[WhiteElo "1800"]
[BlackElo "1846"]
[PlyCount "111"]
[EventDate "2014.??.??"]

1. c4 Nf6 2. Nc3 g6 3. Nf3 Bg7 4. d3 d6 5. g3 c5 6. Bg2 Nc6 7. Bd2 a6 8. O-O
Rb8 9. a4 Bd7 10. Re1 Qc7 11. Rb1 Nb4 12. Qc1 h6 13. b3 g5 14. Rd1 Qb6 15. Qb2
O-O 16. h4 g4 17. Ne1 Bc6 18. Qc1 Bxg2 19. Nxg2 Kh7 20. Ne3 e6 21. Nc2 Rbc8 22.
Be3 Nxc2 23. Qxc2 Nd7 24. d4+ f5 25. dxc5 Qc7 26. Rxd6 Nxc5 27. Bxc5 Qxc5 28.
Rxe6 Qd4 29. Rc1 Kh8 30. Nd5 Rf7 31. Ne7 Rc7 32. Nxf5 Qc5 33. Re8+ Bf8 34. Qc3+
Kh7 35. e4 Qc6 36. Qe5 Qb6 37. Qd5 Rcd7 38. Qe6 Qxe6 39. Rxe6 Rd3 40. Rb1 Rd2
41. Re5 b6 42. Rd5 Re2 43. Kf1 Ra2 44. Rbd1 Kg6 45. R1d2 Ra1+ 46. Ke2 Bc5 47.
h5+ Kh7 48. Rd7 Rxd7 49. Rxd7+ Kh8 50. Nxh6 Ra2+ 51. Rd2 Ra3 52. Nxg4 Rxb3 53.
h6 Kh7 54. Rd7+ Kg6 55. Rg7+ Kh5 56. h7 1-0

[Event "SR 4. liga A21 2014/2015"]
[Site "?"]
[Date "2015.01.18"]
[Round "7.4"]
[White "Bango, Dominik"]
[Black "Bardik, Jozef"]
[Result "0-1"]
[WhiteElo "1557"]
[BlackElo "1928"]
[PlyCount "136"]
[EventDate "2014.??.??"]

1. e4 c6 2. Nf3 d5 3. exd5 cxd5 4. d4 Nc6 5. Nc3 e6 6. Be3 Nge7 7. Bd3 Nb4 8.
Be2 Ng6 9. a3 Nc6 10. O-O a6 11. Bd3 Bd6 12. Qd2 Bd7 13. Ne2 b5 14. b3 Rc8 15.
Nf4 Nxf4 16. Bxf4 Bxf4 17. Qxf4 Qf6 18. Qe3 h6 19. a4 Nb4 20. Ne5 Qd8 21. Qf3
O-O 22. axb5 axb5 23. Rfc1 Rc7 24. Ra5 Nxd3 25. Qxd3 b4 26. Nxd7 Qxd7 27. Qb5
Rfc8 28. Qxb4 Rxc2 29. Rxc2 Rxc2 30. Ra8+ Kh7 31. g3 Rc1+ 32. Kg2 Qc7 33. Qd2
g6 34. Qa2 Qc2 35. Qxc2 Rxc2 36. Rb8 g5 37. h3 Kg6 38. Kf3 Rc3+ 39. Ke2 Rc2+
40. Ke3 h5 41. b4 Rb2 42. b5 Kf5 43. f3 Rb3+ 44. Kf2 h4 45. gxh4 gxh4 46. b6
Kf4 47. Ke2 Rb2+ 48. Kd3 Kxf3 49. b7 Rb3+ 50. Kc2 Rb6 51. Kd3 Kf4 52. Kd2 Ke4
53. Kc3 Ke3 54. Rh8 Rxb7 55. Rxh4 Rc7+ 56. Kb3 Rc4 57. Rh7 Kxd4 58. Rxf7 Rc3+
59. Kb2 Rxh3 60. Rf4+ Ke3 61. Rf1 e5 62. Re1+ Kd4 63. Kc2 Rh2+ 64. Kc1 e4 65.
Rd1+ Kc4 66. Rf1 d4 67. Rf8 e3 68. Rc8+ Kd3 0-1

[Event "SR 4. liga A21 2014/2015"]
[Site "?"]
[Date "2015.01.18"]
[Round "7.4"]
[White "Slaba, Andrea"]
[Black "Rau, Vladimir"]
[Result "1-0"]
[WhiteElo "1467"]
[BlackElo "1504"]
[PlyCount "143"]
[EventDate "2014.??.??"]

1. d4 d5 2. c4 Nf6 3. Nc3 e6 4. Bg5 Be7 5. e3 Nc6 6. Bd3 dxc4 7. Bxc4 O-O 8.
Nf3 b6 9. O-O Bb7 10. a3 h6 11. Bh4 Rc8 12. b4 Nd7 13. Bg3 a6 14. Ne2 b5 15.
Bb3 Nf6 16. h3 Ne4 17. Bh2 Bf6 18. Nf4 Qd7 19. Qc2 Ng5 20. Nxg5 Bxg5 21. Nd3
Be7 22. Nf4 Bd6 23. Nd3 Bxh2+ 24. Kxh2 Qd6+ 25. Kg1 Rfd8 26. Qb2 Ba8 27. Nc5
Kh8 28. Nxa6 Nxd4 29. Nc5 Nxb3 30. Nxb3 Qd5 31. f3 Qg5 32. Qe2 Bd5 33. Nd2 Ba8
34. Rac1 Rd7 35. Rc5 Rd5 36. Ne4 Qe5 37. Rxd5 Qxd5 38. Nc3 Qb3 39. Nxb5 Bb7 40.
Ra1 Ba6 41. Nd4 Qc3 42. Qe1 Qc4 43. Rc1 Qd3 44. Qc3 Qg6 45. Nc6 Qg5 46. Qd4 Bb7
47. Ne5 Qe7 48. Qd7 Qxd7 49. Nxd7 c6 50. Nc5 Ba8 51. Rd1 Kg8 52. Kf2 Kf8 53.
Ke2 g5 54. Rd7 Ke8 55. Kd3 Rd8 56. Rxd8+ Kxd8 57. a4 Kc7 58. Kd4 Kd6 59. Ne4+
Ke7 60. Kc5 f5 61. Nc3 h5 62. Kb6 c5 63. bxc5 g4 64. hxg4 fxg4 65. fxg4 hxg4
66. g3 Kd7 67. a5 Kc8 68. c6 Kb8 69. Nb5 e5 70. Nd6 Bb7 71. Nxb7 e4 72. c7+ 1-0